| 000 -LEADER |
| fixed length control field |
00735nam a2200217Ia 4500 |
| 020 ## - INTERNATIONAL STANDARD BOOK NUMBER |
| ISBN |
0769000835 |
| 040 ## - CATALOGING SOURCE |
| Transcribing agency |
XCX |
| 082 ## - DEWEY DECIMAL CLASSIFICATION NUMBER |
| Classification number |
372 BRI 2000 C342 Or. |
| 100 1# - MAIN ENTRY--AUTHOR NAME |
| Personal name |
Britton, Jill. |
| 245 10 - TITLE STATEMENT |
| Title |
Symmetry and tessellations |
| 260 ## - PUBLICATION, DISTRIBUTION, ETC. (IMPRINT) |
| Place of publication |
Palo Alto, Calif. : |
| Name of publisher |
Dale Seymour Publications, |
| Year of publication |
c2000. |
| 300 ## - PHYSICAL DESCRIPTION |
| Number of Pages |
184 pages : |
| Other physical details |
ill. ; |
| Dimensions |
28 cm. + |
| Accompanying material |
4 page erratum |
| 500 ## - GENERAL NOTE |
| General note |
Companion book to Introduction to tessellations. |
| 520 ## - SUMMARY, ETC. |
| Summary, etc |
Contains transparency masters, duplication masters, and innovative activities for teaching tessellating art. [p. iv, intro.] |
| 650 #0 - SUBJECT ADDED ENTRY--TOPICAL TERM |
| Topical Term |
Symmetry. |
| 650 #0 - SUBJECT ADDED ENTRY--TOPICAL TERM |
| Topical Term |
Tessellations (Mathematics) |
| 650 #0 - SUBJECT ADDED ENTRY--TOPICAL TERM |
| Topical Term |
Geometry |
| 650 #0 - SUBJECT ADDED ENTRY--TOPICAL TERM |
| Topical Term |
Mathematics |
| 700 1# - ADDED ENTRY--PERSONAL NAME |
| Personal name |
Britton, Walter. |
| 942 ## - ADDED ENTRY ELEMENTS (KOHA) |
| Koha item type |
ADB |
| 952 ## - LOCATION AND ITEM INFORMATION (KOHA) |
| Withdrawn status [LOCAL, KOHA] |
0 |